01672nam a2200373 a 4500001001000000003000500010005001700015008004100032010001100073011001100084040000900095090001000104100004000114245026000154260004100414500006000455502008500515590004100600590004000641590004000681650002900721650003000750650003500780650002700815650002900842700003900871856007000910901000700980942001000987942000600997999001901003952014001022952013601162000110556CHAP20220329144138.0140910s2014 mx a fsm |||||||spa d a107018 a107990 cCHAP aTesis1 aMaldonado Moreno, Cleotilde912835510aDisminución en la incidencia de Escherichia coli en quesos de la Empresa Lácteos del Potrero S. de R. L. Mi. mediante el diseño de un plan HACCP e implementación de las BPMh[En línea]cpor Cleotilde Maldonado Moreno y Daniela Solano Martínez. aChapingo, Méx. :bEl autor,c2014. aPara ver el contenido del material haga clic en la liga aTesis (Ing. Agroindustrial) -- UACH. Departamento de Ingeniería Agroindustrial aBATCH-UPDb05c20141002lUCH01h0906 aE6096MTMb05c20140910lUCH01h1114 aE6096MTMb05c20140910lUCH01h111914aEscherichia coli.93748014aQuesoxAnálisis.99322214aQuesoxBacteriología.99322314aQuesoxCalidad.99322514aQuesoxProcesado.9932331 aSolano Martínez, Daniela9128356 aFinding aiduhttp://10.13.5.2/tesis/sist110556.pdfzTeclea aquí aBK cTESIS n0 c107018d107018 00102local4053708TESISaBCbBCcPA_TESISd2014-09-10fTESISl0oTesisp33724002422686r2019-12-31 00:00:00tc.2w2019-12-31yTESIS 00104054718TESISaBCbBCd2014-09-10fTESISl0oTesisp33724002422728r2019-12-31 00:00:00w2019-12-31yTESISzRecien adquirido